| 000 | 00437cam a22001577a 4500 | ||
|---|---|---|---|
| 008 | 180718b2005 xxu||||| |||| 00| 0 eng d | ||
| 020 | _a817541233X | ||
| 082 | _aT39 G959 | ||
| 100 | _aGupta, Anshuman | ||
| 245 |
_aWTO and South Asia _cby Anshuman Gupta |
||
| 260 |
_aDelhi _bShipra _c2005 |
||
| 300 | _a183p. | ||
| 650 | _aSouth Asia - Economic conditions | ||
| 650 | _aInternational trade | ||
| 650 | _aWorld Trade Organization (WTO) | ||
| 999 |
_c404574 _d404574 |
||